| 000 | 00641nam a2200265Ia 4500 | ||
|---|---|---|---|
| 005 | 20260306163526.0 | ||
| 008 | 008 260114s9999 xx 000 0 eng d | ||
| 020 | _a9781479819775 | ||
| 037 | _aEBOOK | ||
| 040 | _aCRL | ||
| 040 | _beng | ||
| 040 | _cCRL | ||
| 041 | _2eng | ||
| 041 | _aeng | ||
| 084 | _qCRL | ||
| 100 | _aBurgess | ||
| 245 | 0 | _aLgbt Inclusion In American Life: Pop Culture, Political Imagination, And Civil Rights | |
| 260 | _bNYU Press | ||
| 260 | _c2023 | ||
| 650 | _aSocial Work | ||
| 856 | _uhttps://academic.oup.com/book/51267 | ||
| 942 | _cEBOOK | ||
| 999 |
_c1710453 _d1710453 |
||